|
|
|
|
| LEADER |
00974nam a2200241 a 4500 |
| 001 |
11997364 |
| 008 |
090511s1995 bg b 001 0 eng d |
| 010 |
|
|
|a \\\99945780
|
| 040 |
|
|
|a DLC
|c DLC
|d DLC
|
| 082 |
0 |
0 |
|a 016.6315/233
|2 21
|
| 100 |
1 |
|
|a Chandel, A. S.
|
| 245 |
1 |
0 |
|a Dynamics of agricultural biotechnology :
|b SAARC bibliographical database /
|c A.S. Chandel and R.M. Kamal.
|
| 260 |
|
|
|a Dhaka :
|b SAARC Information Centre,
|c 1995.
|
| 300 |
|
|
|a 321, liii p. ;
|c 29 cm.
|
| 500 |
|
|
|a Includes index.
|
| 541 |
1 |
|
|e 00005942
|
| 650 |
|
0 |
|a Agricultural biotechnology
|z South Asia
|v Bibliography.
|
| 650 |
|
0 |
|a Agricultural biotechnology
|v Bibliography.
|
| 700 |
1 |
|
|a Kamal, R. M.
|
| 710 |
2 |
|
|a SAARC Agricultural Information Centre.
|
| 852 |
4 |
|
|a Ayesha Abed Library
|j Generalshelf
|
| 999 |
|
|
|c 592
|d 592
|
| 952 |
|
|
|0 0
|1 0
|2 ddc
|4 0
|6 016_631523300000000_CHA_1995
|7 0
|8 NFIC
|9 542
|a BRACUL
|b BRACUL
|c GEN
|d 2009-05-12
|g 429.00
|l 1
|o 016.6315233 CHA
|p 3010005942
|r 2011-01-05
|s 2011-01-05
|t 1
|w 2009-05-12
|y BK
|